[Event "16.Open B"]
[Site "Padova"]
[Date "2013.12.21"]
[Round "4.12"]
[White "Danieli, Enrico"]
[Black "Zanchetta, Nicola"]
[Result "0-1"]
[WhiteElo "2076"]
[BlackElo "1897"]
[Annotator "Gabriele Ballarin"]
[PlyCount "84"]
[EventDate "2013.12.14"]
[EventType "swiss"]
[EventRounds "6"]
[EventCountry "ITA"]

1. Nf3 d5 2. d4 Nf6 3. Bf4 c6 4. h3 e6 5. e3 Bd6 6. Ne5 Bxe5 7. dxe5 Ne4 8. Bd3 Nc5 9. Be2 Qb6 10. Qd4 Ncd7 11. O-O c5 12. Qd3 Qxb2 13. Nc3 c4 14. Qd2 a6 15. e4 d4 16. Qxd4 Nc6 17. Qxc4 O-O 18. Rab1 Qa3 19. Bc1 Qa5 20. f4 Nb6 21. Qb3 Nd4 22. Qxb6 Qxc3 23. Bd3 Nxc2 24. Bxc2 Qxc2 25. Ba3 Re8 26. Rbd1 h6 27. Rd8 Rxd8 28. Qxd8+ Kh7 29. Qe8 Qxe4 30. Rf3 Qf5 31. Be7 b5 32. Bf6 Qg6 33. Qc6 Rb8 34. Qc3 gxf6 35. Rg3 b4 36. Qe3 Qf5 37. Qd4 Bb7 38. Qd7 fxe5 39. fxe5 Bd5 40. Re3 Rg8 41. Re2 Kh8 42. Rf2 Qxh3 0-1

[Event "16.Open B"]
[Site "Padova"]
[Date "2013.12.16"]
[Round "4.27"]
[White "Desideri, Leonardo"]
[Black "Stradiotto, Angelo"]
[Result "1-0"]
[WhiteElo "1629"]
[BlackElo "1751"]
[Annotator "Dyotto"]
[PlyCount "46"]
[EventDate "2013.12.14"]
[EventType "swiss"]
[EventRounds "6"]
[EventCountry "ITA"]

{[%evp 0,46,16,28,87,-20,-37,-40,-27,-47,-48,-63,-72,-98,-68,-67,-54,-54,-52,-54,-45,-41,-39,-83,-103,-76,-86,-81,-74,-113,-113,-101,-48,-50,-33,-32,-32,-28,-22,-53,-19,-19,-15,-10,-10,-33,99,118,29999]} 1. e4 Nf6 2. d3 e5 3. Nf3 Nc6 4. Be3 d5 5. exd5 Nxd5 6. Qe2 Nxe3 7. Qxe3 Bd6 8. Be2 O-O 9. Nc3 h6 10. h3 Be6 11. O-O-O Qe7 12. Nd2 Bc5 13. Qg3 Nd4 14. Qxe5 Nxc2 15. Bg4 Nb4 16. Nde4 Bxg4 17. Qxe7 Bxe7 18. hxg4 Rfe8 19. Rh3 c5 20. a3 Nc6 21. f4 Nd4 22. g5 hxg5 23. fxg5 Kf8 1-0

[Event "16.Città di Padova Open A"]
[Site "Padova Fornace Carotta"]
[Date "2013.12.15"]
[Round "1.13"]
[White "Kovacevic, Blazimir"]
[Black "Redo, Giorgio"]
[Result "1-0"]
[WhiteElo "2437"]
[BlackElo "2084"]
[Annotator "Gabriele Ballarin"]
[PlyCount "81"]
[EventDate "2013.12.15"]
[EventType "swiss"]
[EventRounds "9"]
[EventCountry "ITA"]

1. Nf3 f5 2. d4 d5 3. Bf4 Nf6 4. e3 e6 5. c4 c6 6. Nc3 Bd6 7. Ne5 O-O 8. Be2 a6 9. O-O Qe7 10. c5 Bc7 11. b4 Bd7 12. Ng6 hxg6 13. Bxc7 Ne8 14. Be5 Bc8 15. Na4 Nd7 16. f4 Qh4 17. Rf3 Qd8 18. g4 Kf7 19. Rg3 Rh8 20. g5 Qe7 21. Kg2 Qf8 22. Rh3 Nxe5 23. dxe5 Bd7 24. Nb6 Rd8 25. Rxh8 Qxh8 26. Kg3 Nc7 27. h4 Na8 28. Nxd7 Rxd7 29. Qd4 Nc7 30. a4 Rd8 31. Rh1 Qh7 32. h5 Ke7 33. b5 axb5 34. axb5 cxb5 35. c6 bxc6 36. Qc5+ Ke8 37. Qxc6+ Rd7 38. Ra1 gxh5 39. Kh4 g6 40. Bxb5 Qe7 41. Qxc7 1-0

[Event "16.Città di Padova Open A"]
[Site "Padova Fornace Carotta"]
[Date "2013.12.15"]
[Round "1.14"]
[White "Messina, Roberta"]
[Black "Valsecchi, Alessio"]
[Result "0-1"]
[WhiteElo "2066"]
[BlackElo "2428"]
[Annotator "Gabriele Ballarin"]
[PlyCount "94"]
[EventDate "2013.12.15"]
[EventType "swiss"]
[EventRounds "9"]
[EventCountry "ITA"]

1. c4 c6 2. g3 d5 3. Bg2 Nf6 4. Nf3 Bg4 5. O-O e6 6. b3 Nbd7 7. Bb2 Be7 8. d3 a5 9. Nc3 O-O 10. h3 Bxf3 11. exf3 Ne8 12. Ne2 Bf6 13. Qc2 Nd6 14. f4 Bxb2 15. Qxb2 a4 16. Rac1 axb3 17. axb3 Qa5 18. Ra1 Qb4 19. Qc2 Nc5 20. Rab1 Ra3 21. Nc1 Rfa8 22. Rb2 Nf5 23. Na2 Qb6 24. cxd5 exd5 25. Rc1 Nxb3 26. Bxd5 cxd5 27. Qc8+ Qd8 28. Qxf5 g6 29. Qg4 Nxc1 30. Nxc1 Qc8 31. Qxc8+ Rxc8 32. Nb3 Rc3 33. Nd2 Rc1+ 34. Kg2 Rxd3 35. Nf3 Rc7 36. Rb6 Kf8 37. Ne5 Rd1 38. Kf3 Ke7 39. Ke2 Rdc1 40. Rb5 R1c5 41. Rb6 f6 42. Ng4 R5c6 43. Rb5 d4 44. Rb4 Rd7 45. Kd3 h5 46. Nh2 Rc3+ 47. Kd2 Ra3 0-1

[Event "16.Città di Padova Open A"]
[Site "Padova Fornace Carotta"]
[Date "2013.12.15"]
[Round "1.15"]
[White "Caprio, Guido"]
[Black "Bucchicchio, Giancarlo"]
[Result "1-0"]
[WhiteElo "2423"]
[BlackElo "2061"]
[Annotator "Gabriele Ballarin"]
[PlyCount "63"]
[EventDate "2013.12.15"]
[EventType "swiss"]
[EventRounds "9"]
[EventCountry "ITA"]

1. d4 Nf6 2. c4 c5 3. d5 b5 4. Nf3 g6 5. Qc2 bxc4 6. e4 d6 7. Bxc4 Bg7 8. O-O O-O 9. h3 Nbd7 10. Nc3 Ne8 11. Bf4 Nc7 12. Rad1 Qe8 13. Rfe1 f6 14. b3 Nb6 15. Bd3 Ba6 16. Bxa6 Nxa6 17. Qe2 Nc7 18. a3 Rb8 19. b4 cxb4 20. axb4 Na4 21. Rc1 Nxc3 22. Rxc3 Qd7 23. Rec1 Qb5 24. Qe3 Na6 25. Nd4 Qd7 26. Ne6 f5 27. Bh6 f4 28. Bxf4 Bxc3 29. Nxf8 Rxf8 30. Rxc3 Nxb4 31. Bh6 Rc8 32. Qxa7 1-0

[Event "16.Città di Padova Open A"]
[Site "Padova Fornace Carotta"]
[Date "2013.12.15"]
[Round "1.16"]
[White "Movileanu, Daniela"]
[Black "Bruno, Fabio"]
[Result "0-1"]
[WhiteElo "2051"]
[BlackElo "2414"]
[Annotator "Gabriele Ballarin"]
[PlyCount "132"]
[EventDate "2013.12.15"]
[EventType "swiss"]
[EventRounds "9"]
[EventCountry "ITA"]

1. e4 c5 2. Nf3 e6 3. d4 cxd4 4. Nxd4 Nc6 5. Be3 Nf6 6. Nc3 Bb4 7. Bd3 d5 8. O-O Bxc3 9. bxc3 Nxd4 10. Bxd4 dxe4 11. Bb5+ Bd7 12. Qe2 O-O 13. Bxd7 Nxd7 14. Qxe4 Qc7 15. Rab1 b6 16. Rb5 Rae8 17. f4 f6 18. Rf3 Rf7 19. f5 e5 20. Bf2 Nf8 21. Rd3 Rd7 22. c4 Red8 23. c5 Rxd3 24. cxd3 bxc5 25. Bxc5 h6 26. Qc4+ Kh7 27. Bxf8 Qxc4 28. dxc4 Rxf8 29. Kf2 Rd8 30. Ke3 Rd4 31. Rc5 h5 32. g3 h4 33. Rc7 hxg3 34. hxg3 a5 35. Ra7 Rxc4 36. Rxa5 Rc3+ 37. Kf2 Rc7 38. Ra4 Kh6 39. g4 Kg5 40. Kf3 Rc3+ 41. Kf2 Kh4 42. Kg2 Rg3+ 43. Kf2 Kh3 44. Kf1 Rf3+ 45. Ke2 Kg3 46. Ra7 Kf4 47. Rxg7 Ra3 48. Rg6 Rxa2+ 49. Kd1 Ra6 50. Kc2 e4 51. g5 Ra2+ 52. Kb3 Ra5 53. Rxf6 Kxg5 54. Rd6 Kxf5 55. Kc2 Kf4 56. Kd2 Ra2+ 57. Ke1 Ke3 58. Kf1 Ra1+ 59. Kg2 Ke2 60. Re6 e3 61. Re8 Ra7 62. Re6 Rg7+ 63. Kh2 Kf2 64. Rf6+ Ke1 65. Re6 e2 66. Re8 Rg4 0-1

[Event "16.Città di Padova Open A"]
[Site "Padova Fornace Carotta"]
[Date "2013.12.15"]
[Round "1.17"]
[White "Manca, Federico"]
[Black "Viaggi, Stefano"]
[Result "1-0"]
[WhiteElo "2402"]
[BlackElo "2033"]
[Annotator "Gabriele Ballarin"]
[PlyCount "63"]
[EventDate "2013.12.15"]
[EventType "swiss"]
[EventRounds "9"]
[EventCountry "ITA"]

1. e4 c5 2. c3 d5 3. exd5 Qxd5 4. d4 Nf6 5. Nf3 Nc6 6. Be3 cxd4 7. cxd4 e5 8. Nc3 Bb4 9. dxe5 Qxd1+ 10. Rxd1 Ne4 11. Rc1 O-O 12. Bd3 Nxc3 13. bxc3 Ba3 14. Rb1 Re8 15. Bd4 Bg4 16. O-O Bxf3 17. gxf3 Nxe5 18. Be4 Nc6 19. Be3 Re7 20. Rb3 Bd6 21. Rd1 Rd7 22. Bxc6 bxc6 23. Bf4 Bxf4 24. Rxd7 h6 25. Rbb7 Be5 26. c4 c5 27. Rxf7 Rd8 28. Rfd7 Rf8 29. Kg2 Rf4 30. Re7 Bd4 31. Rxa7 Rf6 32. Rxg7+ 1-0

[Event "16.Città di Padova Open A"]
[Site "Padova Fornace Carotta"]
[Date "2013.12.15"]
[Round "1.18"]
[White "Dorigo, Tommaso"]
[Black "Mrdja, Milan"]
[Result "0-1"]
[WhiteElo "1996"]
[BlackElo "2379"]
[Annotator "Gabriele Ballarin"]
[PlyCount "65"]
[EventDate "2013.12.15"]
[EventType "swiss"]
[EventRounds "9"]
[EventCountry "ITA"]

1. e4 c5 2. c3 e6 3. d4 d5 4. exd5 exd5 5. Be3 c4 6. b3 cxb3 7. axb3 Nc6 8. Bd3 Bd6 9. Ne2 Nge7 10. Qc2 Bg4 11. h3 Bh5 12. Nf4 Bxf4 13. Bxf4 Bg6 14. O-O Rc8 15. Bxg6 hxg6 16. Qd3 Qd7 17. Nd2 O-O 18. Nf3 f6 19. Rfe1 Rfe8 20. Re2 Qf5 21. Qd2 g5 22. Bg3 Ng6 23. c4 Rcd8 24. Rxe8+ Rxe8 25. Re1 Rxe1+ 26. Nxe1 Qe6 27. c5 Nxd4 28. Qxd4 Qxe1+ 29. Kh2 Qe4 30. Qc3 Ne5 31. f3 Qe2 32. f4 d4 33. Qc1 0-1

[Event "16.Città di Padova Open A"]
[Site "Padova Fornace Carotta"]
[Date "2013.12.15"]
[Round "1.19"]
[White "Bove, Alessandro"]
[Black "Murgia, Andrea"]
[Result "1-0"]
[WhiteElo "2371"]
[BlackElo "1977"]
[Annotator "Gabriele Ballarin"]
[PlyCount "69"]
[EventDate "2013.12.15"]
[EventType "swiss"]
[EventRounds "9"]
[EventCountry "ITA"]

1. Nf3 f5 2. d3 d6 3. e4 e5 4. Nc3 Nf6 5. Be2 Be7 6. exf5 Bxf5 7. d4 Nc6 8. Bb5 O-O 9. Bxc6 bxc6 10. dxe5 Ng4 11. Qe2 Bh4 12. g3 Nxf2 13. Rf1 Bxg3 14. hxg3 Ng4 15. Nd4 Bd3 16. Rxf8+ Qxf8 17. cxd3 Nxe5 18. Bf4 Ng6 19. Ne6 Qf7 20. O-O-O Re8 21. Ng5 Nxf4 22. gxf4 Qxf4+ 23. Qd2 Qg4 24. Rf1 h6 25. Nge4 d5 26. Qf2 Qe6 27. Nd2 a5 28. Nb3 a4 29. Nd4 Qd7 30. Nxa4 c5 31. Nxc5 Qe7 32. Nde6 Ra8 33. Rg1 g5 34. Qf5 Qh7 35. Qxd5 1-0

[Event "16.Città di Padova Open A"]
[Site "Padova Fornace Carotta"]
[Date "2013.12.15"]
[Round "1.20"]
[White "Sherifaj, Pasho"]
[Black "Borgo, Giulio"]
[Result "0-1"]
[WhiteElo "1970"]
[BlackElo "2369"]
[Annotator "Gabriele Ballarin"]
[PlyCount "50"]
[EventDate "2013.12.15"]
[EventType "swiss"]
[EventRounds "9"]
[EventCountry "ITA"]

1. e4 c5 2. Nf3 e6 3. d4 cxd4 4. Nxd4 Nf6 5. Nc3 d6 6. Bc4 a6 7. Bg5 Be7 8. Qd2 b5 9. Bb3 b4 10. Ba4+ Bd7 11. Bxd7+ Qxd7 12. Nce2 Nxe4 13. Qxb4 Nxg5 14. f4 d5 15. Qd2 Ne4 16. Qe3 O-O 17. O-O-O Nc6 18. Nf3 Qa7 19. Ned4 Nxd4 20. Nxd4 Rfc8 21. Kb1 Rab8 22. Rd3 Bc5 23. Rhd1 Bxd4 24. Qxd4 Qxd4 25. Rxd4 Nc3+ 0-1

[Event "16.Città di Padova Open A"]
[Site "Padova Fornace Carotta"]
[Date "2013.12.15"]
[Round "1.21"]
[White "Fierro Baquero, Martha Lorena"]
[Black "Giuriato, Sergio"]
[Result "1-0"]
[WhiteElo "2362"]
[BlackElo "1963"]
[Annotator "Gabriele Ballarin"]
[PlyCount "71"]
[EventDate "2013.12.15"]
[EventType "swiss"]
[EventRounds "9"]
[EventCountry "ITA"]

1. e4 e5 2. Nf3 Nc6 3. Bb5 a6 4. Ba4 Nf6 5. d3 d6 6. c3 Be7 7. O-O O-O 8. Nbd2 b5 9. Bb3 Na5 10. Bc2 c5 11. Re1 Qc7 12. Nf1 Bd7 13. Bg5 Kh8 14. Ne3 Ng8 15. d4 Bxg5 16. Nxg5 f6 17. Nf3 Ne7 18. Rc1 Be6 19. b4 Nc4 20. bxc5 dxc5 21. d5 Rfd8 22. Nxc4 bxc4 23. Nd2 Bf7 24. Nxc4 Nc8 25. Qe2 Nd6 26. Nxd6 Qxd6 27. Rb1 Rdb8 28. Rb3 Be8 29. Reb1 Rxb3 30. Rxb3 Rc8 31. Bd3 c4 32. Bxc4 Qc5 33. Bxa6 Ra8 34. h3 Ba4 35. Rb4 Bd7 36. Qc4 1-0

[Event "16.Città di Padova Open A"]
[Site "Padova Fornace Carotta"]
[Date "2013.12.15"]
[Round "1.22"]
[White "Di Lazzaro, Gabriele"]
[Black "Aghayev, Miragha"]
[Result "0-1"]
[WhiteElo "1941"]
[BlackElo "2350"]
[Annotator "Gabriele Ballarin"]
[PlyCount "30"]
[EventDate "2013.12.15"]
[EventType "swiss"]
[EventRounds "9"]
[EventCountry "ITA"]

1. d4 Nf6 2. Nc3 d5 3. Bg5 Nbd7 4. Qd3 g6 5. e4 dxe4 6. Nxe4 Bg7 7. Be2 O-O 8. O-O-O c5 9. dxc5 Qa5 10. Kb1 Nxe4 11. Qxe4 Nxc5 12. Qe3 Be6 13. a3 Na4 14. c3 Nxc3+ 15. bxc3 Qxa3 0-1

[Event "16.Città di Padova Open A"]
[Site "Padova Fornace Carotta"]
[Date "2013.12.15"]
[Round "1.23"]
[White "Sibilio, Mario"]
[Black "Nepi, Ezio"]
[Result "1-0"]
[WhiteElo "2314"]
[BlackElo "1924"]
[Annotator "Gabriele Ballarin"]
[PlyCount "113"]
[EventDate "2013.12.15"]
[EventType "swiss"]
[EventRounds "9"]
[EventCountry "ITA"]

1. d4 d5 2. Nf3 Nf6 3. c4 c6 4. Nc3 e6 5. Bg5 h6 6. Bh4 dxc4 7. e3 b5 8. a4 Bb4 9. Nd2 Nbd7 10. Be2 Qb6 11. O-O Bb7 12. Qc2 a6 13. b3 cxb3 14. Qxb3 Bxc3 15. Qxc3 O-O 16. Rfb1 Rfc8 17. Qb2 c5 18. axb5 axb5 19. Rxa8 Rxa8 20. Bxb5 Bc6 21. Bxc6 Qxc6 22. Bxf6 Nxf6 23. Rc1 Nd7 24. Qc2 Rc8 25. h3 Qa6 26. Ne4 c4 27. Nc5 Nxc5 28. Qxc4 Rc7 29. dxc5 Qxc4 30. Rxc4 Kf8 31. h4 Ke7 32. f3 e5 33. Kf2 Ke6 34. e4 Kd7 35. Kg3 Kc6 36. h5 Kb5 37. Rc2 Rxc5 38. Rd2 Kc6 39. Rd8 Kb7 40. Rg8 Rc6 41. Rxg7 Rf6 42. Rg8 Kc7 43. Re8 Kd6 44. Kf2 Re6 45. Rxe6+ Kxe6 46. g3 Ke7 47. Ke3 Ke6 48. Kd3 Kf6 49. f4 Ke6 50. f5+ Ke7 51. Kc4 Kd6 52. Kb5 Kd7 53. Kc5 Ke7 54. Kd5 Kf6 55. Kd6 Kg5 56. Kxe5 Kxh5 57. Kf6 1-0

[Event "16.Città di Padova Open A"]
[Site "Padova Fornace Carotta"]
[Date "2013.12.15"]
[Round "1.24"]
[White "Franco, Alessandro P"]
[Black "Boscolo, Federico Meneguolo"]
[Result "0-1"]
[WhiteElo "1912"]
[BlackElo "2295"]
[Annotator "Gabriele Ballarin"]
[PlyCount "80"]
[EventDate "2013.12.15"]
[EventType "swiss"]
[EventRounds "9"]
[EventCountry "ITA"]

1. e4 g6 2. d4 Bg7 3. Nc3 c6 4. f4 d5 5. e5 e6 6. Nf3 Ne7 7. Bd3 b6 8. Be3 Ba6 9. Bxa6 Nxa6 10. Qe2 Nb8 11. O-O-O b5 12. Kb1 Nd7 13. h4 h5 14. Rdg1 Qa5 15. g4 hxg4 16. Rxg4 Nf5 17. h5 gxh5 18. Rg2 Nb6 19. Nh4 Nxe3 20. Rxg7 Nbc4 21. Nd1 Nd2+ 22. Kc1 Nec4 23. Nf3 Nxf3 24. Qxf3 Qxa2 25. c3 Qa1+ 26. Kc2 Qa4+ 27. Kc1 b4 28. Rxh5 Qa1+ 29. Kc2 b3+ 30. Kd3 Rf8 31. f5 Qc1 32. Ke2 Nxb2 33. Ne3 Na4 34. fxe6 Nxc3+ 35. Kf2 Qd2+ 36. Kg3 O-O-O 37. e7 b2 38. Rxf7 Rg8+ 39. Kh3 b1=Q 40. Qg4+ Kb8 0-1

[Event "16.Città di Padova Open A"]
[Site "Padova Fornace Carotta"]
[Date "2013.12.15"]
[Round "1.25"]
[White "Del Monaco, Andrea"]
[Black "Raimbault, Pierre"]
[Result "1-0"]
[WhiteElo "2295"]
[BlackElo "1884"]
[Annotator "Gabriele Ballarin"]
[PlyCount "61"]
[EventDate "2013.12.15"]
[EventType "swiss"]
[EventRounds "9"]
[EventCountry "ITA"]

1. Nf3 Nf6 2. c4 c5 3. Nc3 d5 4. cxd5 Nxd5 5. g3 Nc6 6. Bg2 Nc7 7. O-O e5 8. a3 Be7 9. b4 O-O 10. b5 Nd4 11. Nxe5 Be6 12. Rb1 Nd5 13. e3 f6 14. exd4 fxe5 15. dxe5 Qd7 16. Nxd5 Bxd5 17. Bxd5+ Qxd5 18. Bb2 Rad8 19. Bc3 c4 20. Qg4 Bxa3 21. e6 g6 22. Rbe1 Rf5 23. Re4 Re8 24. Rxc4 Rxe6 25. Rd4 Qxb5 26. Rd8+ Kf7 27. Qd4 Bf8 28. Qh8 Ke7 29. Rd4 h5 30. Bb4+ Ke8 31. Rc1 1-0

[Event "16.Città di Padova Open A"]
[Site "Padova Fornace Carotta"]
[Date "2013.12.15"]
[Round "1.26"]
[White "Antoniacci, Riccardo"]
[Black "Rossi, Carlo"]
[Result "0-1"]
[WhiteElo "1883"]
[BlackElo "2285"]
[Annotator "Gabriele Ballarin"]
[PlyCount "68"]
[EventDate "2013.12.15"]
[EventType "swiss"]
[EventRounds "9"]
[EventCountry "ITA"]

1. e4 b6 2. d4 Bb7 3. Bd3 Nf6 4. Nd2 c5 5. c3 cxd4 6. cxd4 Nc6 7. Ne2 e5 8. O-O exd4 9. Nf3 Be7 10. Re1 O-O 11. a3 d5 12. e5 Ne4 13. Nexd4 Nxd4 14. Nxd4 Bc5 15. Be3 Re8 16. b4 Bf8 17. f3 Ng5 18. Qd2 Rxe5 19. Bf4 Rxe1+ 20. Rxe1 h6 21. Bb1 g6 22. h4 Nh7 23. h5 g5 24. Qd3 Nf6 25. Be5 Bd6 26. Nf5 Bf8 27. Qd4 Nxh5 28. g4 f6 29. gxh5 fxe5 30. Rxe5 Qf6 31. Qd3 Qxe5 32. Nd6 Bg7 33. Qg6 Qg3+ 34. Kh1 Qxf3+ 0-1

[Event "16.Città di Padova Open A"]
[Site "Padova Fornace Carotta"]
[Date "2013.12.15"]
[Round "1.27"]
[White "De Santis, Alessio"]
[Black "Zangrando, Gianpietro"]
[Result "1-0"]
[WhiteElo "2282"]
[BlackElo "1847"]
[Annotator "Gabriele Ballarin"]
[PlyCount "43"]
[EventDate "2013.12.15"]
[EventType "swiss"]
[EventRounds "9"]
[EventCountry "ITA"]

1. d4 d5 2. c4 e6 3. Nc3 c6 4. e3 Nd7 5. Qc2 Bd6 6. Bd2 Ngf6 7. Nf3 O-O 8. g4 e5 9. g5 Ne8 10. cxd5 exd4 11. exd4 cxd5 12. Bd3 Qe7+ 13. Kf1 Nb6 14. h4 f5 15. Re1 Qf7 16. h5 Nc4 17. Bc1 Nc7 18. g6 hxg6 19. Ng5 Qf6 20. Nxd5 Qxd4 21. Nxc7 Ne5 22. Rxe5 1-0

[Event "16.Città di Padova Open A"]
[Site "Padova Fornace Carotta"]
[Date "2013.12.15"]
[Round "1.28"]
[White "Battagin_214, Mosè"]
[Black "Xia, Jie"]
[Result "0-1"]
[WhiteElo "1844"]
[BlackElo "2280"]
[Annotator "Gabriele Ballarin"]
[PlyCount "58"]
[EventDate "2013.12.15"]
[EventType "swiss"]
[EventRounds "9"]
[EventCountry "ITA"]

1. e4 c5 2. Nf3 d6 3. Bb5+ Nd7 4. O-O Ngf6 5. Re1 e6 6. c3 a6 7. Bf1 Be7 8. d4 O-O 9. d5 exd5 10. exd5 b5 11. a4 bxa4 12. c4 Nb6 13. Nc3 Bg4 14. h3 Bh5 15. Bf4 Re8 16. Nxa4 Nxa4 17. Rxa4 Qb6 18. Ra3 Qxb2 19. Rb3 Qa2 20. Bg5 h6 21. Bh4 Bf8 22. Rbe3 Rxe3 23. Rxe3 Nd7 24. g4 Bg6 25. Qe1 Rb8 26. Re8 Ne5 27. Rxe5 dxe5 28. Nxe5 Rb1 29. Qc3 Qe2 0-1

[Event "16.Città di Padova Open A"]
[Site "Padova Fornace Carotta"]
[Date "2013.12.15"]
[Round "1.29"]
[White "Brunello, Marina"]
[Black "Favero, Graziano"]
[Result "1-0"]
[WhiteElo "2259"]
[BlackElo "1829"]
[Annotator "Gabriele Ballarin"]
[PlyCount "119"]
[EventDate "2013.12.15"]
[EventType "swiss"]
[EventRounds "9"]
[EventCountry "ITA"]

1. e4 d6 2. d4 Nf6 3. Nc3 g6 4. Be3 Bg7 5. Nf3 a6 6. a4 O-O 7. Qd2 Bg4 8. Be2 Nc6 9. O-O d5 10. exd5 Nb4 11. h3 Bxf3 12. Bxf3 Nbxd5 13. Nxd5 Nxd5 14. Bg5 c6 15. a5 Nf6 16. c4 e5 17. Qb4 Qc7 18. Bxf6 Bxf6 19. d5 Be7 20. Qb3 c5 21. d6 Bxd6 22. Qxb7 Qxb7 23. Bxb7 Ra7 24. Bf3 Rb8 {=} 25. Rfd1 Be7 26. Rd2 f5 27. Bc6 Rc7 28. Ba4 e4 29. Rad1 Rbb7 30. b3 Ra7 31. Rd5 Kf7 32. g4 Ke6 33. Kg2 f4 34. Re1 f3+ 35. Kf1 Bf6 36. Rxe4+ Kf7 37. Rf4 Kg7 38. Rxf3 Bd4 39. Rd6 Rf7 40. Bc6 Rxf3 41. Bxf3 Bc3 42. Rc6 Bd4 43. Bd5 Kf8 44. Kg2 Ke7 45. f4 Kd7 46. Kf3 Rb7 47. Rb6 Ra7 48. Ke4 Bc3 49. Rc6 Bd4 50. f5 gxf5+ 51. gxf5 Rb7 52. Rxa6 Rxb3 53. Ra7+ Kd6 54. Rxh7 Bc3 55. Rh6+ Kd7 56. Rb6 Ra3 57. a6 Bd2 58. f6 Re3+ 59. Kf5 Rxh3 60. f7 1-0

[Event "16.Città di Padova Open A"]
[Site "Padova Fornace Carotta"]
[Date "2013.12.15"]
[Round "1.30"]
[White "Rosina, Graziano"]
[Black "Moroni, Luca Jr"]
[Result "0-1"]
[WhiteElo "1811"]
[BlackElo "2229"]
[Annotator "Gabriele Ballarin"]
[PlyCount "68"]
[EventDate "2013.12.15"]
[EventType "swiss"]
[EventRounds "9"]
[EventCountry "ITA"]

1. Nf3 d5 2. d4 Nf6 3. g3 e6 4. Bg2 Nbd7 5. O-O a6 6. c3 c5 7. Bg5 h6 8. Bxf6 Nxf6 9. Nbd2 Bd6 10. dxc5 Bxc5 11. Nb3 Ba7 12. Ne5 Qc7 13. Nd3 O-O 14. Rc1 b5 15. e3 Rd8 16. Nf4 Bb7 17. Qc2 e5 18. Ne2 Rac8 19. Qb1 Bb6 20. Nd2 Qe7 21. Nf3 Ne4 22. Rfd1 Qf6 23. Rf1 a5 24. Qd3 Nc5 25. Qd2 b4 26. cxb4 axb4 27. Ne1 Ba6 28. f4 Ne4 29. Bxe4 Rxc1 30. Nxc1 dxe4 31. Qf2 exf4 32. gxf4 Bxf1 33. Kxf1 Qe6 34. Nb3 Rd1 0-1

[Event "16.Città di Padova Open A"]
[Site "Padova Fornace Carotta"]
[Date "2013.12.16"]
[Round "2.13"]
[White "Moroni, Luca Jr"]
[Black "Caprio, Guido"]
[Result "1/2-1/2"]
[WhiteElo "2229"]
[BlackElo "2423"]
[Annotator "Gabriele Ballarin"]
[PlyCount "124"]
[EventDate "2013.12.15"]
[EventType "swiss"]
[EventRounds "9"]
[EventCountry "ITA"]

1. c4 b6 2. Nc3 Bb7 3. e4 e6 4. d4 Bb4 5. Bd3 f5 6. d5 fxe4 7. Bxe4 Nf6 8. Bf3 Bxc3+ 9. bxc3 O-O 10. Ne2 Na6 11. Be3 e5 12. Ng3 d6 13. O-O Bc8 14. Rb1 Qe8 15. Qc2 Nc5 16. Bxc5 bxc5 17. Rfe1 Nd7 18. Be4 g6 19. Bd3 Qe7 20. Rf1 Nb6 21. Rbe1 Ba6 22. Re4 Rf4 23. Qe2 Raf8 24. Rxf4 Rxf4 25. Ne4 Qg7 26. g3 Rf8 27. Ng5 Qe7 28. f4 Bc8 29. h4 h6 30. Nf3 Bg4 31. fxe5 Bxf3 32. Rxf3 Rxf3 33. Qxf3 dxe5 34. Qe4 Qd6 35. h5 gxh5 36. Qh7+ Kf8 37. Bg6 Qf6 38. Bxh5 Qg7 39. Qf5+ Kg8 40. Qe6+ Kh8 41. Qe8+ Kh7 42. Kh2 Qf6 43. Be2 Kg7 44. Bd3 Qg5 45. Kh3 h5 46. Qc6 Qg4+ 47. Kh2 Nd7 48. Qxc7 e4 49. Bxe4 h4 50. Bg2 Qxg3+ 51. Qxg3+ hxg3+ 52. Kxg3 Kf6 53. Kf4 Nb6 54. Bf1 Na4 55. Bd3 Nxc3 56. a3 Na4 57. Be2 Nb6 58. Ke4 Ke7 59. Ke5 Nd7+ 60. Kf5 Kd6 61. Kg6 Ke7 62. Kf5 Kd6 1/2-1/2

[Event "16.Città di Padova Open A"]
[Site "Padova Fornace Carotta"]
[Date "2013.12.16"]
[Round "2.14"]
[White "Bruno, Fabio"]
[Black "Brunello, Marina"]
[Result "0-1"]
[WhiteElo "2414"]
[BlackElo "2259"]
[Annotator "Gabriele Ballarin"]
[PlyCount "172"]
[EventDate "2013.12.15"]
[EventType "swiss"]
[EventRounds "9"]
[EventCountry "ITA"]

1. d4 d5 2. Nf3 Nf6 3. Bf4 c6 4. e3 Bf5 5. c4 e6 6. Qb3 Qc8 7. Nc3 Be7 8. Rc1 O-O 9. Be2 Nbd7 10. O-O h6 11. h3 Bh7 12. Rfd1 Nb6 13. Ne5 Ne4 14. Nxe4 Bxe4 15. c5 Nd7 16. Qc3 Nxe5 17. Bxe5 Qd7 18. b4 Bd8 19. a4 a6 20. Rd2 Bc7 21. Bxc7 Qxc7 22. Rb2 Rfe8 23. Ra1 e5 24. Rba2 exd4 25. Qxd4 Re6 26. f3 Bf5 27. Bf1 Rae8 28. Qf4 Qxf4 29. exf4 Re3 30. Rb2 Rc3 31. Kf2 g5 32. fxg5 hxg5 33. Re1 Rxe1 34. Kxe1 Rc1+ 35. Kf2 Bc2 36. b5 Bxa4 37. bxa6 bxa6 38. Bxa6 Rxc5 39. Rb4 Ra5 40. Bd3 Kg7 41. Rg4 Kf6 42. f4 gxf4 43. Rxf4+ Ke6 44. h4 Bd1 45. g4 c5 46. Ke1 Bb3 47. h5 c4 48. Bf5+ Ke5 49. Rf3 d4 50. h6 Ra1+ 51. Kf2 d3 52. h7 Ra2+ 53. Kf1 Ra8 54. Ke1 Kd4 55. Rh3 Kc3 56. g5 Re8+ 57. Kf2 Rh8 58. Ke1 Kc2 59. g6 fxg6 60. Bxg6 Ba4 61. Rh4 Kc3 62. Rh3 Bd7 63. Rh2 Bg4 64. Rg2 Be6 65. Kd1 Rb8 66. Kc1 Rf8 67. Rf2 Ra8 68. Ra2 Rd8 69. Rh2 Rh8 70. Ra2 Kd4 71. Rh2 Ke3 72. Rh4 Bd5 73. Rh5 d2+ 74. Kc2 d1=Q+ 75. Kxd1 Bf3+ 76. Kc2 Bxh5 77. Bxh5 Rxh7 78. Bg6 Rg7 79. Bf5 Kd4 80. Kb2 Rg2+ 81. Kb1 Kc3 82. Be6 Rg1+ 83. Ka2 Rc1 84. Bf5 Kd2 85. Be4 c3 86. Kb3 c2 0-1

[Event "16.Città di Padova Open A"]
[Site "Padova Fornace Carotta"]
[Date "2013.12.16"]
[Round "2.15"]
[White "Mogranzini, Roberto"]
[Black "Moskalenko, Viktor"]
[Result "1/2-1/2"]
[WhiteElo "2506"]
[BlackElo "2538"]
[Annotator "Gabriele Ballarin"]
[PlyCount "21"]
[EventDate "2013.12.15"]
[EventType "swiss"]
[EventRounds "9"]
[EventCountry "ITA"]

1. c4 e6 2. g3 f5 3. Bg2 Nf6 4. d3 d5 5. Qc2 c6 6. Nf3 Bd6 7. O-O O-O 8. Ne5 Nbd7 9. b3 Qe7 10. Bb2 f4 11. e3 1/2-1/2

[Event "16.Città di Padova Open A"]
[Site "Padova Fornace Carotta"]
[Date "2013.12.16"]
[Round "2.17"]
[White "Bucchicchio, Giancarlo"]
[Black "Petkov, Vladimir"]
[Result "0-1"]
[WhiteElo "2061"]
[BlackElo "2558"]
[Annotator "Gabriele Ballarin"]
[PlyCount "40"]
[EventDate "2013.12.15"]
[EventType "swiss"]
[EventRounds "9"]
[EventCountry "ITA"]

1. e4 d5 2. exd5 Qxd5 3. d4 Nf6 4. Nf3 Bg4 5. Be2 Nc6 6. h3 Bh5 7. O-O e6 8. Re1 O-O-O 9. c3 h6 10. Ne5 Nxe5 11. Bxh5 Nxh5 12. Qxh5 Nd3 13. Qxd5 Rxd5 14. Rd1 Nxc1 15. Rxc1 c5 16. Rd1 Be7 17. Na3 cxd4 18. c4 Rd7 19. Nb5 a6 20. Nxd4 Rhd8 0-1